• 首页
  • 本馆介绍
  • 公告通知
  • 最新文献
  • 馆藏检索
  • 电子资源
  • 读者导购
  • 参考咨询
  • 我的图书馆
  • 登录
  • 详细信息显示
  • 放入我的书架
  • 预约/预借图书
  • 作者相关作品
  • 分类相关作品
  • 丛书相关作品
  • 出版社相关作品

书目信息

  • 表格格式
  • 工作单格式
  • 卡片格式
题名:
《本草纲目》中的养生经
    
 
作者: 李顺 著
分册:  
出版信息: 天津   天津科学技术出版社  2019.5
页数: 227页
开本: 21cm
丛书名:
单 册:
中图分类: R281.3
科图分类:
主题词:
电子资源:
ISBN: 978-7-5576-6255-4
000 00807nam0 2200229 45
001 012001000712
005 20140911171756.0
010    @a978-7-5576-6255-4@dCNY45.00
100    @a20190709d2019 em y0chiy50 ea
101 0  @achi
102    @aCN@b120000
105    @ay z 000yy
106    @ar
200 1  @a《本草纲目》中的养生经@A《ben cao gang mu》zhong de yang sheng jing@b专著@f李顺著
210    @a天津@c天津科学技术出版社@d2019.5
215    @a227页@d21cm
330    @a本书以《本草纲目》中“药食同源”的养生理论为基础,精选了人们日常生活中常见的食物、药材,结合常见疾病的防治以及中医养生理论,为读者详细解读了《本草纲目》养生的秘密。
605    @a《本草纲目》@x养生(中医)
690    @aR281.3@v5
701  0 @a李顺@Ali shun@4著
801  0 @aCN@bBJSDL@c20211011
905    @b1332014-7@dR281.3@e571@f4
    
    《本草纲目》中的养生经/李顺著.-天津:天津科学技术出版社,2019.5
    227页;21cm
    
    
    ISBN 978-7-5576-6255-4:CNY45.00
    本书以《本草纲目》中“药食同源”的养生理论为基础,精选了人们日常生活中常见的食物、药材,结合常见疾病的防治以及中医养生理论,为读者详细解读了《本草纲目》养生的秘密。
●
相关链接 在E读中查询图书 在五车中查询图书 在当当中查询图书 在豆瓣中查询图书


正题名:《本草纲目》中的养生经     索取号:R281.3/571         预约/预借

序号 登录号 条形码 馆藏地/架位号 状态 备注
1 1332014   213320146   第二样本阅览室/ [索取号:R281.3/571] 在馆    
2 1332015   213320155   第三借阅区/ [索取号:R281.3/571] 在馆    
3 1332016   213320164   第三借阅区/ [索取号:R281.3/571] 在馆    
4 1332017   213320173   第三借阅区/ [索取号:R281.3/571] 在馆    
唐山师范学院图书馆 欢迎您!
大连网信软件有限公司© 版权所有